| 000 | 00994nam a2200313Ia 4500 | ||
|---|---|---|---|
| 003 | GCL | ||
| 008 | 140319s9999 xx 000 0 ara d | ||
| 040 |
_aGCL / _cGCL |
||
| 082 | 0 | 4 |
_aق _b953.03 _bع م |
| 100 | 1 | _aعبدالعزيز شرف | |
| 245 | 1 | 0 |
_aمعارك فاصلة فى التاريخ الاسلامى / _cعبدالعزيز شرف |
| 700 | 1 | _aعبدالمنعم خفاجى | |
| 260 |
_a[S.N] : _bالدار المصرية اللبنانية ، _c1992 |
||
| 300 | _a167 ص | ||
| 490 | _a | ||
| 650 | 0 | 4 | _aافريقيا الشمالية |
| 650 | 0 | 4 | _aالاندلس |
| 650 | 0 | 4 | _aالخوارج |
| 650 | 0 | 4 | _aالفتوحات الاسلامية |
| 650 | 0 | 4 | _aالتاريخ الحربى |
| 650 | 0 | 4 | _aالدولة الاموية |
| 650 | 0 | 4 | _aالشيعة |
| 650 | 0 | 4 | _aافريقيا |
| 650 | 0 | 4 | _aبلاد الشام |
| 650 | 0 | 4 | _aالهند |
| 650 | 0 | 4 | _aعصر الازدهار 720 - 684 م |
| 650 | 0 | 4 | _aالاسطول العربى |
| 942 |
_2ddc _cBK |
||
| 999 |
_c31118 _d31118 |
||